All Stumble Guys Maps With Water - Statistics

General Stats
  • This quiz has been taken 15 times
    4 since last reset
  • The average score is 3 of 14
Answer Stats
Gamemode Maps % Correct
Elimination Bombardment
75%
Race Super Slide
75%
Event Barbie Dream Dash
25%
Race Jungle Roll
25%
Race Lost Temple
25%
Team Rocket Rumble
25%
Event Crab’s Landing
0%
Race Hot WheelsHustle
0%
Event MrBeast’s Warehouse
0%
Race NFL Scramble
0%
Elimination Sharkmuda Triangle
0%
Race Stumble Cove
0%
Event Treasure Island
0%
Race Turbo Temple
0%
No matching quizzes found
Score Distribution
Percent of People with Each Score
Percentile by Number Answered
Your Score History
You have not taken this quiz since the last reset